ARRUPE JESUIT UNIVERSITY

CORONAVIRUS -STOP THE SPREAD - CLEAN,DISINFECT,COVER

The sciences in the european periphery during the enlightenment (Record no. 123144)

MARC details
000 -LEADER
fixed length control field 01361mam a2200361 a 4500
001 - CONTROL NUMBER
control field 2362030
003 - CONTROL NUMBER IDENTIFIER
control field ARRUPE
005 - DATE AND TIME OF LATEST TRANSACTION
control field 20150907145818.0
008 - FIXED-LENGTH DATA ELEMENTS--GENERAL INFORMATION
fixed length control field 990427s1999 ne a b 000 0 eng d
020 ## - INTERNATIONAL STANDARD BOOK NUMBER
Cancelled/invalid ISBN 0792355482
035 ## - SYSTEM CONTROL NUMBER
System control number (OCoLC)ocm41257842
035 ## - SYSTEM CONTROL NUMBER
System control number (NNC)2362030
040 ## - CATALOGING SOURCE
Original cataloging agency OSU
Transcribing agency OSU
Modifying agency NNC
090 ## - LOCALLY ASSIGNED LC-TYPE CALL NUMBER (OCLC); LOCAL CALL NUMBER (OCLC)
Classification number (OCLC) (R) ; Classification number, CALL (RLIN) (NR) B802
Local cutter number (OCLC) ; Book number/undivided call number, CALL (RLIN) .S75 1999
300 ## - PHYSICAL DESCRIPTION
Other physical details ill. ;
Dimensions 25 cm.
245 04 - TITLE STATEMENT
Title The sciences in the european periphery during the enlightenment
Statement of responsibility, etc Edited by Kostas Gavroglu.
260 ## - PUBLICATION, DISTRIBUTION, ETC. (IMPRINT)
Place of publication, distribution, etc Dordtecht :
Name of publisher, distributor, etc Kluwer Academic Publishers,
Date of publication, distribution, etc 1999.
300 ## - PHYSICAL DESCRIPTION
Extent 224 p. :
490 1# - SERIES STATEMENT
Series statement Archimedes (Dordrecht, Netherlands) ;
Volume number/sequential designation 2
490 1# - SERIES STATEMENT
Series statement New studies in the history and philosophy of science and technology ;
Volume number/sequential designation 2
650 #0 - SUBJECT ADDED ENTRY--TOPICAL TERM
Topical term or geographic name as entry element Enlightenment.
9 (RLIN) 18949
650 #0 - SUBJECT ADDED ENTRY--TOPICAL TERM
Topical term or geographic name as entry element Science
General subdivision History
Chronological subdivision 18th century.
9 (RLIN) 15869
650 #0 - SUBJECT ADDED ENTRY--TOPICAL TERM
Topical term or geographic name as entry element Enlightenment
Geographic subdivision Spain.
9 (RLIN) 18950
651 #0 - SUBJECT ADDED ENTRY--GEOGRAPHIC NAME
Geographic name Portugal
General subdivision History
Chronological subdivision 18th century.
9 (RLIN) 18951
651 #0 - SUBJECT ADDED ENTRY--GEOGRAPHIC NAME
Geographic name Portugal
General subdivision Intellectual life.
9 (RLIN) 18952
651 #0 - SUBJECT ADDED ENTRY--GEOGRAPHIC NAME
Geographic name Greece
General subdivision Intellectual life.
9 (RLIN) 18953
651 #0 - SUBJECT ADDED ENTRY--GEOGRAPHIC NAME
Geographic name Spain
General subdivision History
Chronological subdivision 18th century.
9 (RLIN) 18954
651 #0 - SUBJECT ADDED ENTRY--GEOGRAPHIC NAME
Geographic name Scandinavia
General subdivision History
Chronological subdivision 18th century.
9 (RLIN) 18955
700 1# - ADDED ENTRY--PERSONAL NAME
Personal name Gavroglou, Kōstas.
9 (RLIN) 18956
Relator term ed.
830 #0 - SERIES ADDED ENTRY--UNIFORM TITLE
Uniform title Archimedes (Dordrecht, Netherlands) ;
Volume number/sequential designation 2.
9 (RLIN) 18957
830 #0 - SERIES ADDED ENTRY--UNIFORM TITLE
Uniform title New studies in the history and philosophy of science and technology ;
Volume number/sequential designation 2.
9 (RLIN) 18958
942 ## - ADDED ENTRY ELEMENTS (KOHA)
Source of classification or shelving scheme Library of Congress Classification
Koha item type Monograph ( Printed materials)
Holdings
Withdrawn status Lost status Source of classification or shelving scheme Damaged status Not for loan Collection code Home library Current library Shelving location Date acquired Total Checkouts Full call number Barcode Date last seen Price effective from Koha item type
    Library of Congress Classification     Main Collection ARRUPE LIBRARY ARRUPE LIBRARY Main Collection 27/08/2015   Q125.2.S416 1999 46500004111 03/07/2019 27/08/2015 Monograph ( Printed materials)

 

Arrupe Library. PO Box MP320 Mt Pleasant, Harare, Zimbabwe
263 242 745411|librarian@aju.ac.zw